| 000 | 00825nam a22002417a 4500 | ||
|---|---|---|---|
| 005 | 20240530110414.0 | ||
| 008 | 150301s2011 ua g 000 1 ara d | ||
| 017 |
_a15271/2010 _bمصر . دار الكتب المصرية |
||
| 020 | _a9772088517 | ||
| 040 | _aEG-CaGPL | ||
| 041 | 0 | _aara | |
| 082 | 0 | 4 |
_221 _a817\ _bإ م |
| 100 | 0 | _aايهاب طاهر | |
| 245 | 1 | 0 |
_aمصر فيها فيل : _bمن الادب الساخر / _cتاليف ايهاب طاهر |
| 260 |
_aالقاهرة : _bمكتبة مدبولى ، _c2011 |
||
| 300 |
_a176 ص ؛ _c20 سم |
||
| 650 | 0 | 4 | _aالادب الساخر |
| 650 | 0 | 4 | _aالادب العربى |
| 650 | 0 | 4 |
_aالادب الشعبى _zمصر |
| 650 | 0 | 4 | _aالاجاهى والفكاهات العربية |
| 942 |
_2ddc _cBK |
||
| 999 |
_c60524 _d60524 |
||